| 000 | 00437cam a2200181ua 4500 | ||
|---|---|---|---|
| 020 | _c350.00 | ||
| 041 |
_aeng _h |
||
| 082 |
_a621.3 _bMEH/PR |
||
| 100 | _aMehta, V.K. | ||
| 245 |
_aPrinciples of power system / _cV.K Mehta. _hTextual Documents |
||
| 260 |
_aNew Delhi : _bS.Chand & Sons , _c2007. |
||
| 300 | _a ; . | ||
| 365 | _a350.00 | ||
| 504 | _a | ||
| 700 | 1 | _aMehta, Rohit . | |
| 942 | _cBK | ||
| 999 |
_c13427 _d13427 |
||